[Event "Wch Juvenil 2010 sub18"]
[Site "Porto Carras GRE"]
[Date "2010.10.30"]
[Round "11.13"]
[White "Dragomirescu, Robin-Alexandru"]
[Black "Nuber, Blasius"]
[Result "1/2-1/2"]
[WhiteElo "2423"]
[BlackElo "2243"]
[PlyCount "58"]
[EventDate "2010.10.20"]
[EventType "swiss"]
[EventRounds "11"]
[EventCountry "GRE"]
[Source "lmi"]
[SourceDate "2010.10.20"]

1. e4 e5 2. Nf3 Nc6 3. Bb5 a6 4. Ba4 Nf6 5. O-O Be7 6. Re1 b5 7. Bb3 d6 8. c3
O-O 9. h3 Na5 10. Bc2 c5 11. d4 Qc7 12. Nbd2 Nc6 13. d5 Nd8 14. a4 Rb8 15. axb5
axb5 16. b4 Ne8 17. Nf1 f6 18. g4 Nf7 19. Ng3 g6 20. Be3 Bd7 21. Qe2 Ng7 22.
Ra5 Ra8 23. Rea1 Qb7 24. Bd3 c4 25. Bb1 Rxa5 26. Rxa5 Ra8 27. Qa2 Rxa5 28. Qxa5
Nd8 29. Qa2 Qc8 1/2-1/2

[Event "Wch Juvenil 2010 sub18"]
[Site "Porto Carras GRE"]
[Date "2010.10.30"]
[Round "11.15"]
[White "Dounis, Alexandros"]
[Black "Bures, Jaroslav"]
[Result "1/2-1/2"]
[WhiteElo "2207"]
[BlackElo "2370"]
[PlyCount "23"]
[EventDate "2010.10.20"]
[EventType "swiss"]
[EventRounds "11"]
[EventCountry "GRE"]
[Source "lmi"]
[SourceDate "2010.10.20"]

1. c4 Nf6 2. Nc3 e5 3. Nf3 Nc6 4. e3 Be7 5. d4 exd4 6. Nxd4 O-O 7. Nxc6 bxc6 8.
Be2 d6 9. O-O Nd7 10. Qc2 f5 11. f4 a5 12. Bf3 1/2-1/2

[Event "Wch Juvenil 2010 sub18"]
[Site "Porto Carras GRE"]
[Date "2010.10.30"]
[Round "11.16"]
[White "Lovik, Lasse Ostebo"]
[Black "Tsyhanchuk, Stanislav"]
[Result "1-0"]
[WhiteElo "2298"]
[BlackElo "2328"]
[PlyCount "171"]
[EventDate "2010.10.20"]
[EventType "swiss"]
[EventRounds "11"]
[EventCountry "GRE"]
[Source "lmi"]
[SourceDate "2010.10.20"]

1. d4 Nf6 2. Nf3 g6 3. c4 Bg7 4. g3 O-O 5. Bg2 d6 6. Nc3 Nc6 7. O-O a6 8. Qd3
Bf5 9. e4 Bg4 10. Be3 Nd7 11. Qd2 Bxf3 12. Bxf3 e5 13. d5 Nd4 14. Bg2 c5 15.
dxc6 bxc6 16. b3 Qa5 17. Rac1 Qb4 18. Rfd1 a5 19. Na4 Qa3 20. c5 Nxc5 21. Nb6
Ra7 22. Nc4 Qb4 23. Bxd4 exd4 24. Nxd6 Nd7 25. Rxc6 Ne5 26. Qxb4 axb4 27. Rc2
Rfa8 28. h3 Rxa2 29. Rxa2 Rxa2 30. f4 Nd7 31. e5 Nxe5 32. fxe5 Bxe5 33. Nb5
Bxg3 34. Nxd4 Kg7 35. Nc6 Bf2+ 36. Kh1 Bc5 37. Rd7 Kf6 38. Bd5 Kg5 39. Rxf7 Kh4
40. Bg2 g5 41. Ne5 Be3 42. Rf3 Bf4 43. Nd3 Bd6 44. Bf1 h5 45. Rf2 Ra3 46. Rb2
Kg3 47. Ne1 Ra1 48. Rg2+ Kf4 49. Rf2+ Ke4 50. Re2+ Kf4 51. Kg2 Rd1 52. Rf2+ Ke4
53. Nf3 g4 54. hxg4 hxg4 55. Ng5+ Kd4 56. Bc4 Ke3 57. Re2+ Kf4 58. Ne4 Rd4 59.
Nxd6 Rxd6 60. Rf2+ Ke3 61. Kg3 Rd1 62. Re2+ Kd4 63. Kxg4 Rc1 64. Kf5 Rf1+ 65.
Ke6 Rc1 66. Rd2+ Kc3 67. Rd3+ Kb2 68. Kd5 Rc3 69. Rd2+ Ka3 70. Kc5 Rh3 71. Rd7
Rh5+ 72. Bd5 Rh4 73. Ra7+ Kb2 74. Bc4 Kc3 75. Rd7 Rh5+ 76. Rd5 Rh3 77. Kb5 Rg3
78. Ka4 Rh3 79. Rd3+ Rxd3 80. Bxd3 Kxd3 81. Kxb4 Kd4 82. Kb5 Kd5 83. Kb6 Kd6
84. b4 Kd7 85. b5 Kc8 86. Ka7 1-0

[Event "Wch Juvenil 2010 sub18"]
[Site "Porto Carras GRE"]
[Date "2010.10.30"]
[Round "11.18"]
[White "Klein, David"]
[Black "Firat, Burak"]
[Result "1-0"]
[WhiteElo "2299"]
[BlackElo "2424"]
[PlyCount "73"]
[EventDate "2010.10.20"]
[EventType "swiss"]
[EventRounds "11"]
[EventCountry "GRE"]
[Source "lmi"]
[SourceDate "2010.10.20"]

1. e4 e6 2. d4 d5 3. Nc3 Nf6 4. e5 Nfd7 5. f4 c5 6. Nf3 Nc6 7. Be3 Be7 8. Qd2
O-O 9. dxc5 Bxc5 10. Bxc5 Nxc5 11. O-O-O Qa5 12. h4 Bd7 13. Rh3 b5 14. Bxb5 Nb4
15. Bxd7 Nxa2+ 16. Nxa2 Qxa2 17. Qb4 Nxd7 18. Nd4 Nb6 19. Ra3 Qc4 20. Qxc4 dxc4
21. Nb5 Nd5 22. g3 h5 23. Rd4 f6 24. exf6 gxf6 25. Rxc4 Rf7 26. Re4 Re7 27. c4
Nb4 28. Rae3 Rc8 29. Nd6 Rc6 30. Rxe6 Rd7 31. Re8+ Kg7 32. R8e7+ Rxe7 33. Rxe7+
Kf8 34. Re8+ Kg7 35. Rd8 Nd3+ 36. Kc2 Nf2 37. b4 1-0